[Event "Memorial Siaperas (open)"]
[Site "masterchessopen.com Greece"]
[Date "2007.02.17"]
[Round "3"]
[White "Khetsuriani Besarion (GEO)"]
[Black "Paraskevaidis Vasilios (GRE)"]
[Result "1-0"]
[WhiteElo "2337"]
[BlackElo "1916"]

1.e4 c5 2.Nf3 Nc6 3.Bb5 g6 4.c3 Bg7 5.d4 cxd4 6.cxd4 Qb6 7.Nc3 e6 8.Be3 Nge7
9.O-O d5 10.Bxc6+ bxc6 11.Na4 Qd8 12.e5 O-O 13.Qd2 f6 14.exf6 Bxf6 15.Bg5 Nf5
16.Bxf6 Qxf6 17.Nc5 h6 18.Ne5 Qg7 19.Nxc6 Bd7 20.Ne5 {#r} 1-0

[Event "Tournament (open)"]
[Site "masterchessopen.com Bydgoszcz (Poland)"]
[Date "2007.02.23"]
[Round "2"]
[White "Zolnierowicz Krzysztof (POL)"]
[Black "Karpinski Bartlomiej (POL)"]
[Result "1-0"]
[WhiteElo "2268"]
[BlackElo "1839"]

1.e4 c5 2.Nf3 Nc6 3.Bb5 g6 4.O-O Bg7 5.c3 d6 6.d4 cxd4 7.cxd4 Bd7 8.Nc3 a6
9.Bxc6 bxc6 10.h3 Qc7 11.Bf4 e6 12.Rc1 Ne7 13.Qd2 O-O 14.e5 d5 15.Na4 Rfb8
16.b3 Nc8 17.Bh6 Nb6 18.Nc5 a5 19.Qf4 Be8 20.Bxg7 Kxg7 21.Ng5 Qe7 22.Qh4 {#r}
1-0

[Event "It (open)"]
[Site "masterchessopen.com Kalamata (Greece)"]
[Date "2007.04.04"]
[Round "3"]
[White "Athanasopoulos Georgios (GRE)"]
[Black "Skodras Asterios (GRE)"]
[Result "0-1"]
[WhiteElo "1724"]
[BlackElo "2001"]

1.e4 c5 2.Nf3 Nc6 3.Bb5 g6 4.d3 Bg7 5.Nc3 Nf6 6.Bd2 O-O 7.Qe2 a6 8.Bxc6 dxc6
9.h3 b5 10.O-O-O Qa5 11.a3 b4 12.Nb1 Nd7 13.b3 Nb6 14.g4 Rb8 15.Ng1 Na4
16.bxa4 Qxa4 17.Be1 bxa3 18.Nc3 Qb4 19.e5 Bh6+ 20.Bd2 Qb2# 0-1

[Event "Cup Belgrade 2007 (team)"]
[Site "masterchessopen.com Belgrade (Yugoslavia)"]
[Date "2007.04.11"]
[Round "3"]
[White "Asik Josip (SRB)"]
[Black "Srdic Danilo (SRB)"]
[Result "1-0"]
[WhiteElo "2354"]
[BlackElo "2232"]

1.e4 c5 2.Nf3 Nc6 3.Bb5 g6 4.O-O Bg7 5.c3 e5 6.d4 cxd4 7.cxd4 Nxd4 8.Nxd4 exd4
9.f4 Ne7 10.f5 Be5 11.f6 Qb6 12.Na3 Ng8 13.Qb3 Nxf6 14.Nc4 Qc5 15.Nxe5 d3+
16.Kh1 Qxe5 17.Bf4 Qh5 18.Bd6 {#r} 1-0

[Event "It (open)"]
[Site "masterchessopen.com Sao Jose do Rio Preto (Brazil)"]
[Date "2007.04.29"]
[Round "3"]
[White "Deus Fo Joaquim (BRA)"]
[Black "Supi Luis Paulo (BRA)"]
[Result "0-1"]
[WhiteElo "2082"]
[BlackElo "1970"]

1.e4 c5 2.Nf3 Nc6 3.Bb5 g6 4.O-O Bg7 5.c3 Nf6 6.Re1 a6 7.Ba4 b5 8.Bc2 d6 9.h3
O-O 10.d4 cxd4 11.Nxd4 Qc7 12.f4 Bb7 13.Kh1 Nh5 14.Nf3 b4 15.f5 Ne5 16.g4 Nxf3
17.Qxf3 Nf6 18.Bb3 a5 19.cxb4 Bxe4 20.Rxe4 Qxc1+ {#R} 0-1

[Event "Ch Ukraine (qual)"]
[Site "masterchessopen.com Alushta (Ukraine)"]
[Date "2007.05.11"]
[Round "1"]
[White "Maximov Dmitry (UKR)"]
[Black "Shamshin Rudolf (UKR)"]
[Result "1-0"]
[WhiteElo "2488"]
[BlackElo "2235"]

1.e4 c5 2.Nf3 Nc6 3.Bb5 g6 4.Bxc6 bxc6 5.O-O Bg7 6.Re1 Nf6 7.e5 Nd5 8.c4 Nb4
9.d4 cxd4 10.a3 Na6 11.Qxd4 d6 12.Bh6 Bxh6 13.exd6 Rg8 14.Rxe7+ Kf8 15.Nc3 c5
16.Qf6 Be6 17.Re1 Bg7 18.Qf4 Bf5 19.Ng5 Rh8 20.Rxf7+ Kg8 21.Nd5 h6 22.Rxg7+
{#r} 1-0

[Event "Ch Extremadura"]
[Site "masterchessopen.com Badajoz (Spain)"]
[Date "2007.06.02"]
[Round "2"]
[White "Ruiz Adrian Manuel (ESP)"]
[Black "Figuero Toro Julian (ESP)"]
[Result "0-1"]
[WhiteElo "1969"]
[BlackElo "2251"]

1.e4 c5 2.Nf3 Nc6 3.Bb5 g6 4.O-O Bg7 5.Re1 e5 6.c3 Nge7 7.d4 cxd4 8.cxd4 exd4
9.Nbd2 O-O 10.Nb3 d5 11.Bg5 h6 12.Bxe7 Nxe7 13.Nfxd4 dxe4 14.Rxe4 a6 15.Bf1
Nf5 16.Nxf5 Bxf5 17.Re2 Qb6 18.h3 a5 19.Rd2 Rfd8 20.g4 Be6 21.Bg2 a4 22.Bxb7
Rxd2 {#R} 0-1

[Event "It (open) (b)"]
[Site "masterchessopen.com Voronezh (Russia)"]
[Date "2007.06.20"]
[Round "9"]
[White "Semenova Elena (RUS)"]
[Black "Dubov Denis"]
[Result "1-0"]
[WhiteElo "1889"]
[BlackElo "2104"]

1.e4 c5 2.Nf3 Nc6 3.Bb5 g6 4.O-O Bg7 5.c3 Nf6 6.Re1 O-O 7.d4 Qb6 8.Bxc6 dxc6
9.Nbd2 cxd4 10.cxd4 Rd8 11.Nc4 Qc7 12.Qc2 Nh5 13.Be3 f6 14.h3 e5 15.dxe5 fxe5
{#r} 1-0

[Event "It (open)"]
[Site "masterchessopen.com Dortmund (Germany)"]
[Date "2007.06.30"]
[Round "8"]
[White "Richter Goetz (GER)"]
[Black "Aulich Marcell (GER)"]
[Result "0-1"]
[WhiteElo "2049"]
[BlackElo "1996"]

1.e4 c5 2.Nf3 Nc6 3.Bb5 g6 4.Bxc6 dxc6 5.h3 Bg7 6.O-O Nh6 7.d3 f6 8.a4 e5 9.a5
O-O 10.Be3 Qe7 11.Qd2 Nf7 12.Qc3 c4 13.Qxc4 Be6 14.Qc5 Qd7 15.Nc3 Rfe8 16.Qb4
f5 17.exf5 gxf5 18.Qh4 f4 19.Bc5 Bf5 20.Ng5 Bf6 {#R} 0-1

[Event "Ch Poland (juniors) (1 liga)"]
[Site "masterchessopen.com Szklarska Poreba (Poland)"]
[Date "2007.07.02"]
[Round "1"]
[White "Gola Karol (POL)"]
[Black "Januszewski Tomasz (POL)"]
[Result "1-0"]
[WhiteElo "2154"]
[BlackElo "1988"]

1.e4 c5 2.Nf3 Nc6 3.Bb5 g6 4.Bxc6 bxc6 5.O-O Bg7 6.Re1 e5 7.c3 Ne7 8.d4 cxd4
9.cxd4 exd4 10.Nxd4 O-O 11.Nc3 d5 12.exd5 cxd5 13.Bg5 f6 14.Bf4 f5 15.Ncb5
Bxd4 16.Qxd4 Nc6 17.Qc5 Qb6 18.Qxd5+ Kg7 19.Nc7 Rd8 20.Ne8+ Rxe8 21.Rxe8 Bb7
22.Qg8+ {#r} 1-0

[Event "It (open) (b)"]
[Site "masterchessopen.com Kowalewo Pomorskie (Poland)"]
[Date "2007.07.07"]
[Round "5"]
[White "Szmidt Przemyslaw (POL)"]
[Black "Zakrzewski Marek (POL)"]
[Result "0-1"]
[WhiteElo "1930"]
[BlackElo "1918"]

1.e4 c5 2.Nf3 Nc6 3.Bb5 g6 4.O-O Bg7 5.c3 Nf6 6.Re1 O-O 7.d4 cxd4 8.cxd4 a6
9.Bxc6 bxc6 10.Nc3 d6 11.h3 Nd7 12.Bf4 c5 13.e5 cxd4 14.Qxd4 Bb7 15.exd6 Bxd4
16.dxe7 Bxf2+ 17.Kxf2 Qb6+ {#R} 0-1

[Event "Ch World (school teams)"]
[Site "masterchessopen.com Pardubice (Czech Republic)"]
[Date "2007.07.13"]
[Round "2"]
[White "Savitskiy Sergey (RUS)"]
[Black "Vlha Matej (SVK)"]
[Result "1-0"]
[WhiteElo "2095"]
[BlackElo "1748"]

1.e4 c5 2.Nf3 Nc6 3.Bb5 g6 4.O-O Bg7 5.c3 d6 6.d4 cxd4 7.cxd4 Bd7 8.Nc3 Nf6
9.h3 O-O 10.Re1 Rc8 11.Bf4 Nh5 12.Be3 f5 13.Qb3+ Kh8 14.exf5 Rxf5 15.Bxc6 Bxc6
16.Ng5 Qf8 17.d5 Bxc3 18.Qxc3+ Ng7 19.dxc6 Rxc6 20.Qd2 e6 21.Rac1 Rd5 22.Qb4
{#r} 1-0

[Event "Tournament (b)"]
[Site "masterchessopen.com Matanzas (Cuba)"]
[Date "2007.07.16"]
[Round "3"]
[White "Gonzalez Mesa Daniel (CUB)"]
[Black "Garcell Jorge (CUB)"]
[Result "1-0"]
[WhiteElo "2119"]
[BlackElo "1936"]

1.e4 c5 2.Nf3 Nc6 3.Bb5 g6 4.O-O Bg7 5.c3 e6 6.d4 cxd4 7.cxd4 Qb6 8.Na3 Nxd4
9.Nc4 Nxf3+ 10.Qxf3 Qc7 11.Rd1 Be5 12.Be3 Nf6 13.Rac1 Qb8 14.Nxe5 Qxe5 15.Bd4
Qxb5 16.Qxf6 Rg8 17.Bc5 d6 18.Bxd6 Qd7 19.Ba3 {#r} 1-0

[Event "Ch Serbia (juniors)"]
[Site "masterchessopen.com Zlatibor (Serbia)"]
[Date "2007.08.06"]
[Round "2"]
[White "Toth Aleksandar (SRB)"]
[Black "Stankovic Ivan G (SRB)"]
[Result "1-0"]
[WhiteElo "2271"]
[BlackElo "2022"]

1.e4 c5 2.Nf3 Nc6 3.Bb5 g6 4.Bxc6 dxc6 5.d3 Bg7 6.h3 e5 7.Be3 b6 8.Nc3 Ne7
9.a3 f5 10.b4 cxb4 11.axb4 O-O 12.O-O Be6 13.Ng5 Bd7 14.Qb1 Bf6 15.Qb3+ Kg7
16.Ne6+ Bxe6 17.Qxe6 Qc8 18.Qxc8 Nxc8 19.f3 b5 20.Ra6 Ne7 21.Rfa1 {#r} 1-0

[Event "Tournament (open)"]
[Site "masterchessopen.com Augustow (Poland)"]
[Date "2007.08.29"]
[Round "8"]
[White "Strumilo Slawomir (POL)"]
[Black "Szmyd Przemyslaw (POL)"]
[Result "1-0"]
[WhiteElo "1804"]
[BlackElo "1778"]

1.e4 c5 2.Nf3 Nc6 3.Bb5 g6 4.O-O Bg7 5.c3 e6 6.d4 cxd4 7.cxd4 Nge7 8.d5 exd5
9.exd5 Qb6 10.Bxc6 bxc6 11.Re1 d6 12.Qe2 Qc7 13.Nc3 Bg4 14.dxc6 Bxc3 15.bxc3
Bxf3 16.gxf3 {#r} 1-0

[Event "Ch St. Petersburg (juniors) (under 18) (g)"]
[Site "masterchessopen.com St. Petersburg (Russia)"]
[Date "2007.10.05"]
[Round "1"]
[White "Tekhnoriadova Evgenia (RUS)"]
[Black "Manina Ksenia (RUS)"]
[Result "0-1"]
[WhiteElo "1823"]
[BlackElo "1995"]

1.e4 c5 2.Nf3 Nc6 3.Bb5 g6 4.O-O Bg7 5.c3 Nf6 6.Re1 O-O 7.d4 cxd4 8.cxd4 d5
9.e5 Ne4 10.Nc3 Nxc3 11.bxc3 Qa5 12.Bxc6 bxc6 13.Bg5 Re8 14.Qc1 c5 15.Nd2 c4
16.Nf1 Rb8 17.Ne3 Rb7 18.Re2 f6 19.exf6 exf6 20.Bf4 Rb5 {#R} 0-1

[Event "Ch World (juniors) (under 12)"]
[Site "masterchessopen.com Kemer (Turkey)"]
[Date "2007.11.22"]
[Round "6"]
[White "Kafetzis Georgios (GRE)"]
[Black "Ciloglu Dogu (TUR)"]
[Result "1-0"]
[WhiteElo "1895"]
[BlackElo "1769"]

1.e4 c5 2.Nf3 Nc6 3.Bb5 g6 4.Bxc6 dxc6 5.d3 Bg7 6.Nc3 Nf6 7.Be3 Nd7 8.O-O O-O
9.Nd2 e5 10.f4 exf4 11.Bxf4 Ne5 12.Qe2 Qe7 13.h3 Re8 14.Rae1 Be6 15.Qf2 b6
16.Bg3 Bd7 17.Nf3 a5 18.Bxe5 Bxe5 19.Nxe5 f6 20.Nxd7 Qxd7 21.Nd1 Re6 22.Nc3 b5
{#r} 1-0

[Event "Bayern Regionalliga Northeast 2007/08"]
[Site "masterchessopen.com Bayern (Germany)"]
[Date "2007.11.25"]
[Round "3"]
[White "Wiesinger Robert (AUT)"]
[Black "Grabert Ralf (GER)"]
[Result "1-0"]
[WhiteElo "2259"]
[BlackElo "2260"]

1.e4 c5 2.Nf3 Nc6 3.Bb5 g6 4.Bxc6 bxc6 5.O-O Bg7 6.Re1 e5 7.c3 d6 8.d4 cxd4
9.cxd4 exd4 10.e5 dxe5 11.Nxe5 Be6 12.Nxc6 Qd7 13.Ne5 Bxe5 14.Rxe5 Ne7 15.Nd2
Nc6 16.Ne4 Nxe5 17.Nf6+ Ke7 18.Nxd7 Nxd7 19.Qxd4 f6 20.Bd2 Rhe8 21.f4 Kf7
22.Rc1 {#r} 1-0

[Event "Memorial Baharov (open)"]
[Site "masterchessopen.com Sofia (Bulgaria)"]
[Date "2007.11.27"]
[Round "1"]
[White "Mitrev Kiril (BUL)"]
[Black "Sofranov Velizar (BUL)"]
[Result "1-0"]
[WhiteElo "2149"]
[BlackElo "2138"]

1.e4 c5 2.Nf3 Nc6 3.Bb5 g6 4.c3 Bg7 5.d4 cxd4 6.cxd4 Qb6 7.Nc3 Nxd4 8.Nd5
Nxf3+ 9.Qxf3 Qd8 10.Bf4 e5 11.Be3 Ne7 12.Bg5 f6 13.Nxf6+ Bxf6 14.Qxf6 Rf8
15.Qxe5 Rf7 16.O-O a6 17.Bc4 Rf8 18.Bh6 d6 19.Qg7 {#r} 1-0

[Event "Ch Lithuania (team)"]
[Site "masterchessopen.com Lithuania"]
[Date "2007.12.08"]
[Round "4"]
[White "Jasiulevicius Aidas (LTU)"]
[Black "Narmontas Tauras (LTU)"]
[Result "0-1"]
[WhiteElo "2300"]
[BlackElo "2255"]

1.e4 c5 2.Nf3 Nc6 3.Bb5 g6 4.O-O Bg7 5.Re1 Nf6 6.c3 O-O 7.d4 cxd4 8.cxd4 d5
9.e5 Ne4 10.Nc3 Nxc3 11.bxc3 Qa5 12.Qb3 Bg4 13.Be2 Bxf3 14.Bxf3 Nxd4 {#R} 0-1

[Event "Ch SibFO (team)"]
[Site "masterchessopen.com Kemerovo (Russia)"]
[Date "2007.12.10"]
[Round "4"]
[White "Belozerov Andrei (RUS)"]
[Black "Eltsov Roman (RUS)"]
[Result "1-0"]
[WhiteElo "2549"]
[BlackElo "2317"]

1.e4 c5 2.Nf3 Nc6 3.Bb5 g6 4.Bxc6 dxc6 5.d3 Bg7 6.h3 Nf6 7.Nc3 O-O 8.Be3 Nd7
9.Qd2 Re8 10.Bh6 e5 11.O-O-O Nf8 12.Rdf1 Qf6 13.Ne2 Ne6 14.Bxg7 Kxg7 15.Nh2
Nf4 16.Ng4 Qg5 17.Nxf4 exf4 18.g3 {#r} 1-0

[Event "Ch Karelia"]
[Site "masterchessopen.com Petrozavodsk (Russia)"]
[Date "2008.03.06"]
[Round "3"]
[White "Yakkimaienen V (RUS)"]
[Black "Oshukov Andrey (RUS)"]
[Result "1-0"]
[WhiteElo "2294"]
[BlackElo "2033"]

1.e4 c5 2.Nf3 Nc6 3.Bb5 g6 4.O-O Bg7 5.c3 e5 6.b4 cxb4 7.d4 bxc3 8.d5 Nd4
9.Nxd4 exd4 10.e5 Qb6 11.Na3 Ne7 12.Nc4 Qc5 13.Ba3 Qxd5 14.Nd6+ Kf8 15.Bc4 Qa5
16.Qb3 Bxe5 17.Nxf7 d6 18.Nxh8 Bxh8 19.Bxd6 Be5 20.Bg8 {#r} 1-0

[Event "Ch Lithuania (juniors) (under 18)"]
[Site "masterchessopen.com Panevezys (Lithuania)"]
[Date "2008.03.09"]
[Round "5"]
[White "Alekberovas Anaras (LTU)"]
[Black "Adomavicius Aurimas (LTU)"]
[Result "1-0"]
[WhiteElo "2097"]
[BlackElo "1677"]

1.e4 c5 2.Nf3 Nc6 3.Bb5 g6 4.O-O Bg7 5.c3 d5 6.Qa4 Qd6 7.exd5 Qxd5 8.d4 cxd4
9.cxd4 e6 10.Nc3 Qd6 11.d5 exd5 12.Bf4 Qd7 13.Rfe1+ Nge7 14.Nxd5 Qxd5 15.Rad1
Qxd1 16.Rxd1 O-O 17.Bd6 Rd8 18.Bxe7 Rxd1+ 19.Qxd1 Nxe7 20.Qd8+ Bf8 21.Ne5 f6
22.Nd7 {#r} 1-0

[Event "Ch Norway (team) 2007/08"]
[Site "masterchessopen.com Norway"]
[Date "2008.03.28"]
[Round "7"]
[White "Hammer Jon Ludvig (NOR)"]
[Black "Gabrielsen Trond (NOR)"]
[Result "1-0"]
[WhiteElo "2522"]
[BlackElo "2280"]

1.e4 c5 2.Nf3 Nc6 3.Bb5 g6 4.Bxc6 dxc6 5.d3 Bg7 6.h3 Nf6 7.Nc3 Nd7 8.Be3 e5
9.Qd2 Qe7 10.Bh6 f6 11.Bxg7 Qxg7 12.O-O Nf8 13.a3 Qe7 14.b4 cxb4 15.axb4 Qxb4
16.Rfb1 Qe7 {#r} 1-0

[Event "Ch Russia (juniors) (under 16) (g) (1 league)"]
[Site "masterchessopen.com Dagomys (Russia)"]
[Round "3"]
[White "Ognerubova Anastasia (RUS)"]
[Black "Lukashevich Daria (RUS)"]
[Result "1-0"]
[WhiteElo "2050"]
[BlackElo "1886"]

1.e4 c5 2.Nf3 Nc6 3.Bb5 g6 4.Bxc6 dxc6 5.d3 Bg7 6.O-O Nf6 7.Nc3 O-O 8.Be3 b6
9.h3 Ne8 10.Qd2 Nc7 11.Bh6 Ne6 12.Bxg7 Kxg7 13.Ne5 Qc7 14.Ng4 Qf4 15.Ne3 Nd4
16.Nf5+ {#r} 1-0

[Event "It (open) (b)"]
[Site "masterchessopen.com Bar (Montenegro)"]
[Date "2008.04.02"]
[Round "6"]
[White "Batricevic Sasa (MNE)"]
[Black "Karisik Nenad (MNE)"]
[Result "1-0"]
[WhiteElo "2286"]
[BlackElo "2035"]

1.e4 c5 2.Nf3 Nc6 3.Bb5 g6 4.O-O Bg7 5.c3 e5 6.b4 cxb4 7.d4 bxc3 8.Nxc3 Nxd4
9.Nxd4 exd4 10.Nd5 a6 11.Bf4 Ne7 12.Nc7+ Kf8 13.Nxa8 axb5 14.Bd6 Kg8 15.Bxe7
Qxe7 16.Rc1 h6 17.Rxc8+ Kh7 18.Rxh8+ Kxh8 19.Qc2 Qe6 20.Qb3 Qe7 21.Nc7 b4
22.Qf3 {#r} 1-0

[Event "Ch Poland (juniors) (under 18) (g)"]
[Site "masterchessopen.com Leba (Poland)"]
[Date "2008.04.02"]
[Round "6"]
[White "Krasnodebska Magdalena (POL)"]
[Black "Makosa Sylwia (POL)"]
[Result "1-0"]
[WhiteElo "2071"]
[BlackElo "1809"]

1.e4 c5 2.Nf3 Nc6 3.Bb5 g6 4.Bxc6 dxc6 5.d3 Bg7 6.h3 Nf6 7.O-O O-O 8.Nc3 Re8
9.Bf4 Nd7 10.e5 Nb6 11.Qd2 Nd5 12.Bh6 Bh8 13.Rfe1 Qc7 14.Ne4 b6 15.c4 Nb4
16.a3 Na6 17.Neg5 Bf5 18.g4 Bd7 19.Qe3 e6 20.Ne4 Bxe5 21.Nxe5 Qxe5 22.Bg5 {#r}
1-0

[Event "Ch Baden (open)"]
[Site "masterchessopen.com Neuhausen (Germany)"]
[Date "2008.05.26"]
[Round "9"]
[White "Wippermann Till (GER)"]
[Black "Hager Joshua Aarash (GER)"]
[Result "1-0"]
[WhiteElo "2459"]
[BlackElo "2149"]

1.e4 c5 2.Nf3 Nc6 3.Bb5 g6 4.O-O Bg7 5.Re1 Nf6 6.e5 Nd5 7.Nc3 Nxc3 8.dxc3 O-O
9.Qd5 Qb6 10.a4 a6 11.Bf1 Qa7 12.a5 b6 13.axb6 Qxb6 14.Ra4 d6 15.exd6 exd6
16.Qxd6 Rd8 17.Qg3 Bf5 18.Rf4 Qc7 19.Bc4 Ne5 20.Rxf5 gxf5 21.Nxe5 {#r} 1-0

[Event "Tournament (open)"]
[Site "masterchessopen.com Abaza (Russia)"]
[Round "8"]
[White "Mokhov Vladimir (RUS)"]
[Black "Sergeev Albert (RUS)"]
[Result "0-1"]
[WhiteElo "2209"]
[BlackElo "2342"]

1.e4 c5 2.Nf3 Nc6 3.Bb5 g6 4.Bxc6 bxc6 5.O-O Bg7 6.Nc3 d6 7.Qe2 e5 8.d3 Ne7
9.Ne1 Rb8 10.Nd1 f5 11.exf5 Nxf5 12.c3 O-O 13.Ne3 Ba6 14.Nxf5 gxf5 15.c4 e4
16.Qc2 d5 17.Qa4 Qc8 18.Bf4 Rxb2 19.Rc1 dxc4 20.dxc4 Rb4 21.Qa5 Rxc4 {#R} 0-1

[Event "Ch Spain (juniors) (under 14)"]
[Site "masterchessopen.com Padrun (Spain)"]
[Date "2008.07.13"]
[Round "2"]
[White "Martinez Fernandez Raul (ESP)"]
[Black "Rioboo De La Riva Alvaro (ESP)"]
[Result "0-1"]
[WhiteElo "1781"]
[BlackElo "1943"]

1.e4 c5 2.Nf3 Nc6 3.Bb5 g6 4.O-O Bg7 5.Re1 Nf6 6.e5 Nd5 7.c3 O-O 8.d4 cxd4
9.cxd4 d6 10.Bxc6 bxc6 11.Bd2 Qb6 12.b3 Bg4 13.Be3 Nxe3 14.Rxe3 dxe5 15.dxe5
Rad8 16.Qe2 Bxf3 17.Qxf3 Bxe5 18.Rxe5 Qd4 19.Qc3 Qxe5 {#R} 0-1

[Event "Memorial E.Zudov (cat.8)"]
[Site "masterchessopen.com Nizhnij Tagil (Russia)"]
[Date "2008.07.17"]
[Round "11"]
[White "Krutko Anatoly (RUS)"]
[Black "Maletin Pavel (RUS)"]
[Result "0-1"]
[WhiteElo "2440"]
[BlackElo "2563"]

1.e4 c5 2.Nf3 Nc6 3.Bb5 g6 4.Bxc6 dxc6 5.d3 Bg7 6.Nc3 b6 7.h3 Nh6 8.Bf4 f6
9.e5 O-O 10.g4 Nxg4 11.hxg4 fxe5 12.Bh6 Bxg4 13.Qd2 Bxf3 14.Bxg7 Bxh1 15.Bxe5
Bf3 16.Qh6 Rf7 17.Kd2 Qf8 18.Qh2 h5 19.Rg1 Qh6+ {#R} 0-1

[Event "It (open)"]
[Site "masterchessopen.com Gdansk (Poland)"]
[Date "2008.07.20"]
[Round "3"]
[White "Grota Mateusz (POL)"]
[Black "Kaszynski Bartlomiej (POL)"]
[Result "1-0"]
[WhiteElo "1798"]
[BlackElo "2084"]

1.e4 c5 2.Nf3 Nc6 3.Bb5 g6 4.d3 Bg7 5.Nc3 Nf6 6.O-O O-O 7.h3 Nd4 8.Nxd4 cxd4
9.Ne2 d5 10.e5 Nd7 11.Nxd4 Nxe5 12.Nf3 Qa5 13.Nxe5 Qxb5 14.Re1 f6 15.Ng4 e5
16.Rb1 Bd7 17.f4 Bxg4 18.Qxg4 f5 19.Qe2 Rae8 20.Qf2 {#r} 1-0

[Event "Ch Iceland (challengers)"]
[Site "masterchessopen.com Reykjavik (Iceland)"]
[Date "2008.08.27"]
[Round "1"]
[White "Kristinardottir Elsa Maria (ISL)"]
[Black "Salama Omar (EGY)"]
[Result "0-1"]
[WhiteElo "1776"]
[BlackElo "2258"]

1.e4 c5 2.Nf3 Nc6 3.Bb5 g6 4.Bxc6 dxc6 5.Nc3 Bg7 6.O-O Nf6 7.d3 O-O 8.Re1 h6
9.Bf4 Kh7 10.Qd2 Qb6 11.Rab1 Be6 12.Na4 Qb4 13.Nc3 Qa5 14.h3 Rad8 15.e5 Nd5
16.Nxd5 Qxd2 17.Nxd2 cxd5 18.c3 Bf5 19.Rbd1 Bxd3 20.e6 fxe6 21.Rxe6 {#R} 0-1

[Event "Ch PriFO (juniors) (under 18)"]
[Site "masterchessopen.com Penza (Russia)"]
[Date "2008.11.03"]
[Round "1"]
[White "Yakimkin Igor (RUS)"]
[Black "Nelyubin Grigory (RUS)"]
[Result "1-0"]
[WhiteElo "2165"]
[BlackElo "2065"]

1.e4 c5 2.Nf3 Nc6 3.Bb5 g6 4.O-O Bg7 5.c3 e5 6.d4 cxd4 7.cxd4 Nxd4 8.Nxd4 exd4
9.e5 Qb6 10.Na3 Kf8 11.Bf4 Ne7 12.Rc1 f6 13.Re1 Nc6 14.exf6 Bxf6 15.Bh6+ {#r}
1-0

[Event "Ch Region"]
[Site "masterchessopen.com Voronezh (Russia)"]
[Date "2008.12.03"]
[Round "1"]
[White "Sergienko Sergey (RUS)"]
[Black "Fadin Evgeny (RUS)"]
[Result "1-0"]
[WhiteElo "2438"]
[BlackElo "2177"]

1.e4 c5 2.Nf3 Nc6 3.Bb5 g6 4.Bxc6 bxc6 5.O-O Bg7 6.Re1 e5 7.c3 Nh6 8.d4 cxd4
9.cxd4 exd4 10.Nxd4 O-O 11.Nc3 Qh4 12.Nf3 Qh5 13.Bf4 Ng4 14.h3 Kh8 {#r} 1-0

[Event "Memorial Zamenhof"]
[Site "masterchessopen.com Bialystok (Poland)"]
[Date "2008.12.30"]
[Round "8"]
[White "Sazon Adam (POL)"]
[Black "Bernacki Gabriel (POL)"]
[Result "1-0"]
[WhiteElo "1847"]
[BlackElo "1902"]

1.e4 c5 2.Nf3 Nc6 3.Bb5 g6 4.Nc3 Bg7 5.d3 Nd4 6.Bc4 d6 7.h3 Be6 8.O-O Bxc4
9.dxc4 Nf6 10.Re1 Nd7 11.Be3 Nc6 12.Qd2 O-O 13.Bh6 Nce5 14.Nxe5 Nxe5 15.Bxg7
Kxg7 16.b3 a6 17.Rad1 Qd7 18.Nd5 Rab8 19.Qc3 g5 20.Qg3 Kh8 21.Ne3 Rg8 22.Qxe5+
{#r} 1-0

[Event "Ch Colombia (juniors) (under 15)"]
[Site "masterchessopen.com Bogota (Colombia)"]
[Round "7"]
[White "Castro Jairo Antonio (COL)"]
[Black "Hernandez Jairo (COL)"]
[Result "1-0"]
[WhiteElo "1989"]
[BlackElo "2057"]

1.e4 c5 2.Nf3 Nc6 3.Bb5 g6 4.Bxc6 bxc6 5.O-O Bg7 6.c3 Nf6 7.Re1 O-O 8.d4 cxd4
9.cxd4 Ba6 10.Nc3 Rb8 11.Qc2 d6 12.Bf4 Nd7 13.Rad1 Nb6 {#r} 1-0

[Event "Czech League 2008/09 (2nd) (a)"]
[Site "masterchessopen.com Czech Republic"]
[Date "2009.02.22"]
[Round "9"]
[White "Michalek Jan (CZE)"]
[Black "Havlikova Kristyna (CZE)"]
[Result "1-0"]
[WhiteElo "2336"]
[BlackElo "2161"]

1.e4 c5 2.Nf3 Nc6 3.Bb5 g6 4.O-O Bg7 5.c3 Nf6 6.d4 cxd4 7.cxd4 a6 8.Ba4 b5
9.e5 bxa4 10.exf6 Bxf6 11.Bh6 Qb6 12.Nc3 e6 13.Re1 Qxb2 14.Ne4 Be7 15.d5 Na7
16.Rb1 Qxa2 17.d6 Bd8 18.Qd4 Rg8 19.Nf6+ {#r} 1-0

[Event "Ch City (open)"]
[Site "masterchessopen.com Dimitrovgrad (Russia)"]
[Date "2009.02.28"]
[Round "6"]
[White "Abramov Sergey (RUS)"]
[Black "Yakimkin Igor (RUS)"]
[Result "0-1"]
[WhiteElo "2059"]
[BlackElo "2185"]

1.e4 c5 2.Nf3 Nc6 3.Bb5 g6 4.O-O Bg7 5.Re1 e5 6.Nc3 Nge7 7.d3 O-O 8.Bxc6 bxc6
9.Be3 d6 10.Qc1 f5 11.exf5 gxf5 12.Bxc5 dxc5 13.Nxe5 Qc7 14.Qe3 Nd5 15.Qxc5
Bxe5 16.Nxd5 Bxh2+ 17.Kf1 cxd5 18.Qxd5+ Qf7 {#R} 0-1

[Event "Bundesliga (2nd) 2008/09 (w)"]
[Site "masterchessopen.com Germany"]
[Date "2009.03.08"]
[Round "7"]
[White "Henschel Anke (GER)"]
[Black "Niedermaier Barbara (GER)"]
[Result "0-1"]
[WhiteElo "1991"]
[BlackElo "1995"]

1.e4 c5 2.Nf3 Nc6 3.Bb5 g6 4.O-O Bg7 5.Re1 Ne5 6.Nxe5 Bxe5 7.c3 Qb6 8.Ba4 Nf6
9.Na3 Qc7 10.h3 Bh2+ 11.Kh1 h5 12.d4 Ng4 13.Qf3 cxd4 14.Bb3 Ne5 15.Qe2 d3
16.Qe3 Ng4 17.Qf3 Ne5 18.Qe3 Ng4 19.hxg4 hxg4 20.Qxd3 Qc5 21.Qd5 Bg3+ {#R} 0-1